| 000 | 00801pam a2200277 i 4500 | ||
|---|---|---|---|
| 001 | 23437 | ||
| 003 | GBCCL | ||
| 005 | 20241126110423.0 | ||
| 008 | 791026s1979 caua b 001 0 eng | ||
| 010 | _a 79024160 | ||
| 020 | _a0878087397 | ||
| 035 | _a(OCoLC)05706620 | ||
| 040 |
_aDLC _cDLC |
||
| 049 | _aLBBK | ||
| 050 | 0 | 0 |
_aBV2082.I5 _bR37 |
| 082 | 0 |
_a266 _bREA |
|
| 245 | 0 | 0 |
_aReadings in dynamic indigeneity / _cedited by Charles H. Kraft, Tom N. Wisley. |
| 260 |
_aPasadena, CA : _bWilliam Carey Library, _cc1979. |
||
| 300 |
_axxxii, 547 p. : _bill. ; _c22 cm. |
||
| 500 | _aIncludes indexes. | ||
| 504 | _aBibliography: p. 517-530. | ||
| 650 | 0 |
_aIndigenous church administration. _93722 |
|
| 700 | 1 |
_aKraft, Charles H. _92223 |
|
| 700 | 1 |
_aWisley, Tom N. _94557 |
|
| 942 |
_2ddc _cBK _03 |
||
| 999 |
_c2223 _d2223 |
||